| 000 | 00674nam a22002057a 4500 | ||
|---|---|---|---|
| 999 |
_c92724 _d92724 |
||
| 005 | 20230608152948.0 | ||
| 010 | _aENG-112575 ENG-137106 | ||
| 020 |
_a9789381904077 _c395.00 |
||
| 035 | _aEN-96107 EN-120638 | ||
| 037 | _bDBAD/PUB | ||
| 082 | _a327.54056 | ||
| 245 | 0 | 0 |
_aIndia and the Middle East / _cedited by Kingshuk Chatterjee |
| 260 |
_aNew Delhi _bKW Publishers _c2012 |
||
| 270 |
_a4676/21, First Floor, Ansari Road, Daryaganj, _bNew Delhi _e110002 |
||
| 300 |
_a154p. _c24cm(Hb) |
||
| 500 | _a Includes bibliographical references. | ||
| 520 | _aContributed articles. | ||
| 700 | _aChatterjee, Kingshuk | ||
| 942 |
_2ddc _cEN _mIND _h327.54056 |
||